000 00964nam a2200301 i 4500
001 000035758
003 DO-SdBNP
005 20251028111136.0
007 ta
008 111110s2011 dr 000 0 spa d
020 _a9789945404364
040 _aDO-SdBNP
_bspa
_cBNPHU
_erda
041 _aspa
049 _aBNPD
082 4 _axxx
_bxxx
_222
100 1 _aDomínguez, Franklin,
_eautor
_4aut.
_926932
245 1 0 _aObras completas 1 :
_bsátiras políticas /
_cFranklin Domínguez ; ilustración, Román Castillo
264 4 _aSanto Domingo :
_bEdiciones de Cultura,
_c©2011.
300 _avolumen ;
_c23 cm.
336 _atexto
_btxt
_2rdacontent
337 _asin mediación
_bn
_2rdamedia
338 _avolumen
_bnc
_2rdacarrier
500 _aIncluye datos biográficos del autor en las solapas
500 _aLa biblioteca posee el vol. 1
590 _aInventariado, 2022/BT
700 1 _aCastillo, Román,
_eilustrador
_4il.
_988727
942 _2ddc
_cLBS1
999 _c35249
_d35249